LEADER 01502nam a2200301 4500 001 000000359671 003 CaOOAMICUS 005 20240904120701.0 008 240904s2003 it 000 u ita r 020 $a88-8455-569-8 040 $aSeMil$bita 100 0 $aHonorius : Augustodunensis,$c.$0(OLS)http://semarc/name/41632 240 10$aElucidarium sive dialogus de summa totius christianae religionis.$0(OLS)http://semarc/title/450071 245 10$aLucidario :$bvolgarizzamento veronese del 14. secolo /$c[di Onorio d'Autun] ; a cura di Aulo Donadello. 264 1$aRoma ; Padova :$bAntenore,$c2003. 300 $aXC, 315 p. ;$c22 cm 490 1 $aMedioevo e Rinascimento veneto ;$v1 650 4$aOnorio : Augustodunense . Elucidarium - Volgarizzamenti.$0(OLS)http://semarc/subject/56237 650 4$aTeologia medievale - Testi.$0(OLS)http://semarc/subject/16322 700 1 $aDonadello, Aulo.$0(OLS)http://semarc/name/120352 830 0$aMedioevo e Rinascimento veneto ;$v1.$0(OLS)http://semarc/title/450072 850 $aSeMil 852 $aSeMil$W1$xVenegono$y1$m1C III 201$j250603$B250719$CSeMilBibl$Z2$F250719 $81 961 $aBrambilla don Paolo - Omaggio 996 $6020$a88-8455-569-8$9(OLS)http://semarc/number/301182 996 $6245$aLucidario :$bvolgarizzamento veronese del 14. secolo$9(OLS)http://semarc/title/450070 996 $6264$aRoma ; Padova :$bAntenore$9(OLS)http://semarc/publisher/46680 LEADER 02072nam a2200313 i 4500 001 000000332899 003 CaOOAMICUS 005 20210928142312.0 008 190319s2018 it u000 u ita u 013 $a231992 020 $a978-88-7105-412-4 040 $aSeMil$bita 245 03$aLa fede cristiana alla prova dei giovani /$cLuca Bressan, Paolo Carrara (ed.) 264 1$aMilano :$bGlossa,$c2018. 300 $aVI, 184 p. ;$c21 cm. 490 0 $aQuodlibet ;$v36 505 0 $aCome mai l'esperienza cristiana, così come è attestata e vissuta nelle istituzioni e realtà ecclesiali, trova sempre maggiore fatica ad intercettare il mondo giovanile, a presentarsi come una valida risposta alla ricerca di futuro, di bene, di felicità, di verità, che anima questo mondo? Come interpretare questa distanza, come abitarla? Gli elementi prodotti dalla fede cristiana nel suo incontro e confronto secolare con le culture sono strumenti in grado di comunicare ancora oggi l'intenzione che li ha generati? Sono capaci di conoscere una nuova "giovinezza" nel mondo giovanile attuale, in così forte trasformazione? Ci accompagnano in questa riflessione teologi, filosofi, pedagogisti e studiosi che mettono a confronto competenze multidisciplinari 650 4$aGiovani - Fede cristiana.$0(OLS)http://semarc/subject/48220 700 1 $aCarrara, Paolo,$d<1984- >.$0(OLS)http://semarc/name/91326 700 1 $aBressan, Luca,$c.$0(OLS)http://semarc/name/90177 830 0$aQuodlibet ;$v36.$0(OLS)http://semarc/title/173 850 $aSeMil 852 $aSeMil$W1$xVenegono$y1$m2KA N 36$j229285$B225127$CSeMilBibl$Z2$F225127 $81 852 $aSeMil$W1$xVenegono$y1$m2KA N 36/A$j244936$B247523$CSeMilBibl$Z2$F247523 $81 961 $aLorenzi don Ugo - omaggio 996 $6020$a978-88-7105-412-4$9(OLS)http://semarc/number/286821 996 $6245$aLa fede cristiana alla prova dei giovani$9(OLS)http://semarc/title/422047 996 $6264$aMilano :$bGlossa$9(OLS)http://semarc/publisher/29635